ARRUPE JESUIT UNIVERSITY

CORONAVIRUS -STOP THE SPREAD - CLEAN,DISINFECT,COVER

Emerging trends in development theory (Record no. 126081)

MARC details
000 -LEADER
fixed length control field 00690nam a22001817a 4500
005 - DATE AND TIME OF LATEST TRANSACTION
control field 20170209120504.0
008 - FIXED-LENGTH DATA ELEMENTS--GENERAL INFORMATION
fixed length control field 170209b xxu||||| |||| 00| 0 eng d
050 ## - LIBRARY OF CONGRESS CALL NUMBER
Classification number HC59.7S282 1977
100 ## - MAIN ENTRY--PERSONAL NAME
Personal name Hettne, Bjorn
9 (RLIN) 28721
245 ## - TITLE STATEMENT
Title Emerging trends in development theory
Remainder of title report from a SAREC workshop on development theory
Statement of responsibility, etc edited by Hettne, Bjorn and Wallensteen, Peter
260 ## - PUBLICATION, DISTRIBUTION, ETC. (IMPRINT)
Place of publication, distribution, etc Stockholm
Name of publisher, distributor, etc SAREC
Date of publication, distribution, etc 1977
300 ## - PHYSICAL DESCRIPTION
Extent 77p.;
Dimensions 25cm.
650 ## - SUBJECT ADDED ENTRY--TOPICAL TERM
Topical term or geographic name as entry element Economic development
General subdivision Congresses
9 (RLIN) 26534
650 ## - SUBJECT ADDED ENTRY--TOPICAL TERM
Topical term or geographic name as entry element Developing countries
General subdivision Economic conditions
-- Congresses
9 (RLIN) 28722
700 ## - ADDED ENTRY--PERSONAL NAME
Personal name Hettne, Bjorn
Relator term ed.
9 (RLIN) 28721
700 ## - ADDED ENTRY--PERSONAL NAME
Personal name Wallensteen, Peter
Relator term ed.
9 (RLIN) 28723
942 ## - ADDED ENTRY ELEMENTS (KOHA)
Source of classification or shelving scheme Library of Congress Classification
Item type Monograph ( Printed materials)
Holdings
Withdrawn status Lost status Source of classification or shelving scheme Damaged status Not for loan Collection code Home library Current library Shelving location Date acquired Total Checkouts Full call number Barcode Date last seen Price effective from Koha item type
    Library of Congress Classification     Main Collection ARRUPE LIBRARY ARRUPE LIBRARY Main Collection 09/02/2017   HC59.7S282 1977 46500023645 23/04/2018 09/02/2017 Monograph ( Printed materials)

 

Arrupe Library. PO Box MP320 Mt Pleasant, Harare, Zimbabwe
263 242 745411|librarian@aju.ac.zw